Pays les plus dangereux d'Europe - Statistiques

Statistiques générales
  • Ce quiz a été pris 2 512 fois
  • Le résultat moyen est 7 sur 10
Statistiques - réponses
Top Pays % Correct
2 Russie
92%
1 Ukraine
85%
5 Albanie
71%
3 Biélorussie
71%
7 Serbie
69%
6 Kosovo
64%
8 Bosnie-Herzégovine
53%
4 Moldavie
52%
9 Monténégro
52%
10 Macédoine du Nord
51%
Aucun quiz correspondant
Distribution des résultats
% des personnes avec chaque résultat
Percentile par nombre de réponses
Votre historique - résultats
Vous n’avez pas pris ce quiz